000 00281nam a2200121Ia 4500
008 191201s2006 xx 000 0 und d
100 _aSCHILDT,Herbert
245 0 _aComplete Reference Java 2
260 _aN. Delhi
_bTMH
_c2006
300 _a1168
650 _aMCA
942 _2ddc
_cBK
999 _c6396
_d6396